000 00395 a2200157 4500
005 20260130114101.0
008 260130b |||||||| |||| 00| 0 eng d
020 _a9780007427925
082 _a720/MCA
100 _aMcCandless D
_926729
245 _aKnowledge Is Beautiful
260 _bWilliam Collins
_c2014
_alondon
300 _a255p
_bHB
500 _aGeneral Architecture
942 _cBK
999 _c370239
_d370239